All Yu-Gi-Oh! archetypes (October 2024) - Statistics

General Stats
  • This quiz has been taken 338 times
  • The average score is 119 of 367
Answer Stats
Starting Letter Answer % Correct
B Blue-Eyes
89%
D Dark Magician
84%
R Red-Eyes
84%
E Elemental Hero
81%
C Cyber
79%
D Destiny Hero
77%
A Ancient Gear
69%
C Cyber Dragon
69%
D D.D.
68%
F F.A.
68%
O Odd-Eyes
67%
U Utopia
67%
D D D D
65%
B Blackwing
64%
E Evil Hero
64%
E Exodia
63%
T Toon
63%
V Vision HERO
63%
A A-to-Z
61%
G Galaxy
60%
A Archfiend
59%
P Photon
59%
S Speedroid
59%
S Synchron
59%
C Crystal Beast
58%
P Performapal
58%
S Shark
57%
F Fire King
56%
G Gagaga
56%
I Ice Barrier
56%
T Tearlaments
56%
H Harpie
55%
K Kashtira
55%
P Predaplant
55%
T The Phantom Knights
55%
A Atlantean
54%
D Dark World
54%
R Raidraptor
54%
S Six Samurai
54%
Y Yubel
54%
M Marincess
53%
S Salamangreat
53%
I @Ignister
52%
M Masked HERO
52%
B Burning Abyss
51%
M Mermail
51%
R Roid
51%
S Shaddoll
51%
U U.A.
51%
S Sky Striker
50%
S Snake-Eye
50%
C Chaos
49%
E Egyptian God
49%
G Gogogo
49%
J Junk
49%
N Number
49%
O Ojama
49%
T Thunder Dragon
49%
D Dogmatika
48%
M Monarch
48%
O Orcust
48%
S Superheavy Samurai
48%
S Swordsoul
48%
T Traptrix
48%
A Armed Dragon
47%
R Rose
47%
A Altergeist
46%
C Code Talker
46%
F Fluffal
46%
M Mekk-Knight
46%
R Resonator
46%
R Rokket
46%
A Albaz
45%
D Dododo
45%
D Dragon Ruler
45%
F Flamvell
45%
L Lunalight
45%
T Trickstar
45%
V Vampire
45%
A Abyss Actor
44%
C Cyberdark
44%
D Darklord
44%
D Drytron
44%
E Evil Twin / Live Twin
44%
J Jurrac
44%
L Lightsworn
44%
N Nekroz
44%
Q Qli
44%
G Gem-Knight
43%
L Labrynth
43%
X X-Saber
43%
D Despia
42%
F Frightfur
42%
F Frog
42%
M Magician
42%
N Neos
42%
Z Zoodiac
42%
A Alien
41%
C Constellar
41%
E Earthbound
41%
E Eldlich
41%
F Fiendsmith
41%
G Ghostrick
41%
G Gladiator Beast
41%
G Gouki
41%
K Knightmare
41%
S Spright
41%
Z Zubaba
41%
A Amazoness
40%
G Gaia
40%
N Naturia
40%
W World Chalice
40%
X Xyz
40%
A Aroma
39%
B Battlin Boxer
39%
B Black Luster
39%
C Chronomaly
39%
C Crystron
39%
D Dinowrestler
39%
G Generaider
39%
G Genex
39%
G Gimmick Puppet
39%
N Noble Knight
39%
R Rikka
39%
T Timelord
39%
B Battlewasp
38%
B Brotherhood of the Fire Fist
38%
K Kaiju
38%
T Tenyi
38%
Z Zombie
38%
C Crusadia
37%
D Dinomist
37%
H Horus
37%
K Krawler
37%
L Laval
37%
L Lyrilusc
37%
N Neo-Spacian
37%
P Performage
37%
R Runick
37%
S Spyral
37%
T Tri-Brigade
37%
U Unchained
37%
V Volcanic
37%
W White Forest
37%
W World Legacy
37%
A Arcana Force
36%
B Beetrooper
36%
B Buster Blader
36%
G Gadget
36%
M Meklord
36%
M Melodious
36%
N Ninja
36%
N Nordic
36%
A Adamancipator
35%
D Danger!
35%
D Dragunity
35%
G Gravekeeper
35%
B Bystial
34%
D Dragonmaid
34%
E Exosister
34%
H Heraldic Beast
34%
I Infernoble
34%
P P.U.N.K.
34%
S Scareclaw
34%
S Sunavalon
34%
I Invoked
33%
M Magnet Warrior
33%
M Mannadium
33%
R Ritual Beast
33%
S Spellbook
33%
T T.G.
33%
W Worm
33%
A Aesir
32%
A Ally of Justice
32%
C Charmer
32%
E Evilswarm
32%
F Fabled
32%
G Goblin
32%
I Infernity
32%
M Madolche
32%
M Morphtronic
32%
T Tellarknight
32%
W War Rock
32%
Y Yang Zing
32%
E Endymion
31%
F Fur Hire
31%
I Inzektor
31%
J Jinzo
31%
M Machina
31%
N Numeron
31%
P Penguin
31%
S Scrap
31%
V Vylon
31%
A Artifact
30%
B Batteryman
30%
F Fossil
30%
G Gusto
30%
I Icejade
30%
K Kuriboh
30%
W Windwitch
30%
E Elementsaber
29%
G Gishki
29%
M Mathmech
29%
O Ogdoadic
29%
R Rescue-ACE
29%
S Springan
29%
U Ursarctic
29%
I Igknight
28%
M Malefic
28%
M Mecha Phantom Beast
28%
M Mist Valley
28%
P Paleozoic
28%
T The Agent
28%
W Watt
28%
A Agent
27%
E Edge Imp
27%
G Geargia
27%
G G Golem
27%
H Heroic
27%
M Melffy
27%
S Skull Servant
27%
T Tenpai
27%
U Umi
27%
C Cloudian
26%
F Floowandereeze
26%
G Ghoti
26%
K Kozmo
26%
S S-Force
26%
S Shiranui
26%
T The Weather
26%
T Time Thief
26%
V Vanquish Soul
26%
V Venom
26%
W Wind-up
26%
A Ancient Warriors
24%
A Appliancer
24%
A Aquaactress
24%
D Digital Bug
24%
E Evil Eye
24%
E Eyes Restrict
24%
F Flame Swordsman
24%
I Infernoid
24%
M Magikey
24%
M Magistus
24%
M Millennium
24%
P Plunder Patroll
24%
S Steelswarm
24%
V Vendread
24%
D Dracoslayer
23%
F Fortune Lady
23%
G Gate Guardian
23%
M Majespecter
23%
P Purrely
23%
T Tindangle
23%
W Witchcrafter
23%
A Amazement
22%
C Cipher
22%
M Memento
22%
M Metalfoes
22%
S Supreme King
22%
T Therion
22%
X Xtra HERO
22%
F Fleur
21%
H Hieratic
21%
I Infinitrack
21%
N Nouvelles
21%
S Silent Magician
21%
V Virtual World
21%
Z Zefra
21%
A Adventurer Token
20%
A Amorphage
20%
C Centur-Ion
20%
D Dinomorphia
20%
F Flower Cardian
20%
M Mayakashi
20%
M Mimighoul
20%
S Silent Swordsman
20%
V Voiceless Voice
20%
B Bujin
19%
D Deskbot
19%
F Fortune Fairy
19%
K Karakuri
19%
P Prank-Kids
19%
T True King
19%
Y Yosenju
19%
Z ZW
19%
E Evoltile
18%
G Goyo
18%
K Koa'ki Meiru
18%
M Magical Musket
18%
M Myutant
18%
P Psychic
18%
R Reptilianne
18%
S Starry Knight
18%
A Ashened
17%
A Assault Mode
17%
F Fairy Tail
17%
L Libromancer
17%
M Megalith
17%
M Mikanko
17%
P Phantom Beast
17%
P PSY-Frame
17%
C Cubic
16%
G Gunkan
16%
I Impcantation
16%
M Metalmorph
16%
N Nephthys
16%
V Vaalmonica
16%
V Vaylantz
16%
D Dark Scorpion
15%
G Gearfried
15%
G Goblin Biker
15%
M Mythical Beast
15%
R Ragnaraika
15%
S Simorgh
15%
S Subterror
15%
T Toy
15%
T Twilightsworn
15%
D Dream Mirror
14%
G Gold Pride
14%
H Hazy Flame
14%
N Nemleria
14%
S Shining Sarcophagus
14%
C Chemicritter
13%
S Solfachord
13%
S Sylvan
13%
C Chrysalis
12%
D Deep Sea
12%
I Iron Chain
12%
N Nemeses
12%
S Shinobird
12%
T Tistina
12%
B Butterspy
11%
D Duston
11%
L Lswarm
11%
B Bounzer
10%
D Dual Avatar
10%
G Graydle
10%
M Mystical Beast
10%
N Nimble
10%
P Phantasm Spiral
10%
P Prediction Princess
10%
S Sinful Spoils
10%
T Triamid
10%
S Symphonic Warrior
9%
B Barrel Dragon
8%
G Ganbara
8%
M Metaphys
8%
S Sangen
8%
S Spellcaster
8%
D Doodle Beast
7%
F Familiar-Possessed
7%
G Gorgonic
7%
M Materiactor
7%
M Mulcharmy
7%
P Parshath
7%
R Risebell
7%
S Spirit Message
7%
V Visas Starfrost
7%
L Lightray
6%
S Sphinx
6%
F Face Cards
5%
V Vassal
5%
E Empowered Warrior
3%
F Fire Warrior
3%
G Glacial Beast
2%
S Star Sereph
1%
No matching quizzes found
Score Distribution
Percent of People with Each Score
Percentile by Number Answered
Your Score History
You have not taken this quiz